[Event "10/10/10 Challenge"]
[Site "SchemingMind.com"]
[Date "2010.10.10"]
[Round "-"]
[White "PeterLiberty"]
[Black "Mitch The Man"]
[Result "1-0"]
[WhiteCountry "USA"]
[BlackCountry "USA"]
[WhiteElo "1484"]
[WhiteRD "58"]
[BlackElo "1411"]
[BlackRD "67"]
[GameID "263271"]

1. e4 e5 2. Nf3 d6 3. d4 Nd7 4. Nc3 f6 5. Bc4 Ne7 6. O-O Nb6 7. Bb3 Bg4 8. Be3 Bh5 9. h3 Bf7 10. Bxf7+ Kxf7
11. dxe5 dxe5 12. Qxd8 Rxd8 13. Rad1 Rxd1 14. Rxd1 Nc6 15. Nb5 Nc4 16. Bc1 Bd6 17. b3 N4a5 18. Nxc7 Be7 19. Rd7 g5 20. Nd5 Re8
21. Ba3 Kg6 22. Nxe7+ Nxe7 23. Bxe7 Nc6 24. Bc5 b6 25. Be3 Rb8 26. g4 a5 27. c3 b5 28. Kg2 Rc8 29. Rd6 h6 30. h4 Rc7
31. hxg5 Nb8 32. Nxe5+
1-0

[Event "10/10/10 Challenge"]
[Site "SchemingMind.com"]
[Date "2010.10.10"]
[Round "-"]
[White "Mitch The Man"]
[Black "PeterLiberty"]
[Result "0-1"]
[WhiteCountry "USA"]
[BlackCountry "USA"]
[WhiteElo "1424"]
[WhiteRD "59"]
[BlackElo "1476"]
[BlackRD "61"]
[GameID "263272"]

1. e4 c5 2. c4 d6 3. f3 Nf6 4. d4 cxd4 5. Qxd4 Nc6 6. Qd1 g6 7. Be2 Bg7 8. Be3 O-O 9. Nc3 b6 10. Rb1 Bb7
11. a3 Qc7 12. Nh3 Rad8 13. O-O Ne5 14. Nb5 Qb8 15. Nc3 e6 16. Qb3 Rd7 17. Rbd1 Qa8 18. Qc2 Rfd8 19. b4 d5 20. exd5 exd5
21. cxd5 Bxd5 22. Bg5 h6 23. Bb5 Rd6 24. Nxd5 Rxd5 25. Rxd5 Qxd5 26. Bxf6 Bxf6 27. Nf4 Qd4+ 28. Kh1 Qxf4 29. Qc7 Ra8 30. Qb7 Rd8
31. Qxa7 Kg7 32. Qxb6 Nc4 33. Qc5 Nxa3 34. Ba4 Qc4 35. Qxc4 Nxc4 36. Bb5 Ne3 37. Rb1 Rb8 38. Bd3 Bc3 39. b5 Ba5 40. Kg1 Bb6
41. Kh1 Nd5 42. Rb3 Rc8 43. Rb1 Rc3 44. Be4 Nf4 45. g3 Ne2 46. Kg2 Nd4 47. Kh3 f5 48. Bb7 Nxf3 49. Bxf3 Rxf3 50. Rd1 Re3
51. Rd7+ Kf6 52. Rd6+ Re6 53. Rc6 Rxc6 54. bxc6 g5 55. Kg2 h5 56. Kf3 Ke5 57. h3 g4+
0-1

[Event "10/10/10 Challenge"]
[Site "SchemingMind.com"]
[Date "2010.10.11"]
[Round "-"]
[White "Arthur Wilding"]
[Black "Mitch The Man"]
[Result "0-1"]
[WhiteCountry "WLS"]
[BlackCountry "USA"]
[WhiteElo "1344"]
[WhiteRD "73"]
[BlackElo "1411"]
[BlackRD "67"]
[GameID "263282"]

1. d4 d5 2. Nf3 f6 3. e3 c6 4. Nc3 Nd7 5. Bd3 g6 6. O-O Nh6 7. Re1 Bg7 8. Ne2 Nf7 9. b3 O-O 10. a4 a5
11. Nd2 b6 12. Bb2 Ba6 13. Bxa6 Rxa6 14. f4 f5 15. c4 Nf6 16. Nf3 Re8 17. Ne5 Nxe5 18. dxe5 Ne4 19. Rb1 e6 20. Nd4 Qc8
21. cxd5 cxd5 22. Qe2 Qb7 23. Rec1 Raa8 24. Nf3 Rac8 25. Rxc8 Rxc8 26. Nd4 Kf7 27. Nb5 Bf8 28. Rc1 Rxc1+ 29. Bxc1 Qc6 30. Bb2 Bb4
31. Nd4 Qc5 32. g3 Ba3 33. Bxa3 Qxa3 34. Kg2 Qb4 35. Kh3 h5 36. Qc2 Nc3 37. Nf3 Ke7 38. Nd4 Kd7 39. Nb5 Nxb5 40. axb5 Qxb5
41. Kh4 Qf1 42. Qa2 Qf3 43. Qd2 Qg4#
0-1

[Event "10/10/10 Challenge"]
[Site "SchemingMind.com"]
[Date "2010.10.11"]
[Round "-"]
[White "Arthur Wilding"]
[Black "PeterLiberty"]
[Result "1-0"]
[WhiteCountry "WLS"]
[BlackCountry "USA"]
[WhiteElo "1344"]
[WhiteRD "73"]
[BlackElo "1484"]
[BlackRD "58"]
[GameID "263283"]

1. d4 Nf6 2. e3 e6 3. Nc3 d5 4. Nf3 c5 5. dxc5 Bxc5 6. Bb5+ Bd7 7. Bxd7+ Nbxd7 8. O-O O-O 9. Ne2 b6 10. Re1 Rc8
11. c3 e5 12. Ng3 e4 13. Nd4 Bxd4 14. cxd4 a6 15. b3 b5 16. a4 Rc7 17. Nf5 Nb6 18. axb5 axb5 19. Bb2 Qd7 20. Ng3 Rfc8
21. Qe2 Rc2 22. Qf1 Rxb2 23. Ra6 Qc6 24. h3 Rxb3 25. Nf5 Re8 26. Rc1 Qe6 27. Kh1 Rb8 28. g4 b4 29. Rca1 Ra3 30. R6xa3 bxa3
31. Rxa3 Nc4 32. Ra7 Nd2 33. Qa1 Rb1+ 34. Qxb1 Nxb1 35. Kg2 g6 36. Nh6+ Kg7 37. g5 Nd7 38. Ra8 Nd2 39. Rg8#
1-0

[Event "10/10/10 Challenge"]
[Site "SchemingMind.com"]
[Date "2010.10.11"]
[Round "-"]
[White "Mitch The Man"]
[Black "Arthur Wilding"]
[Result "1-0"]
[WhiteCountry "USA"]
[BlackCountry "WLS"]
[WhiteElo "1424"]
[WhiteRD "59"]
[BlackElo "1319"]
[BlackRD "71"]
[GameID "263284"]

1. e4 e5 2. Nf3 d6 3. h3 Nf6 4. d3 Nc6 5. Be2 Nd4 6. Nxd4 exd4 7. O-O Nd7 8. Bg4 Be7 9. c4 O-O 10. a3 h6
11. Nd2 Nc5 12. Bxc8 Rxc8 13. b4 Nd7 14. Bb2 Bf6 15. Nf3 b6 16. g3 c5 17. b5 Ne5 18. Nxe5 dxe5 19. a4 Kh8 20. Bc1 Qd7
21. Kh2 Ra8 22. Rh1 a5 23. Qh5 Qe7 24. Bxh6 Kg8 25. Bd2 Rad8 26. Qe2 Rd6 27. Rag1 Bg5 28. Bxg5 f6 29. Bd2 Kf7 30. Qh5+ g6
31. Qh7+ Ke6 32. Qxg6 Kd7 33. Qf5+ Kc7 34. Rg2 Rh8 35. Qf3 Rdd8 36. g4 Rdf8 37. Kg1 Rh4 38. Rhh2 Rfh8 39. Kf1 R8h7 40. Rg3 Rg7
41. Ke2 Qe6 42. Kd1 Kd6 43. Kc2 Rg6 44. Kb3 Qe7 45. Qf5 Qg7 46. Qc8 Qc7 47. Qf8+ Qe7 48. Qc8 Qc7 49. Qf5 Qf7 50. g5 Ke7
51. Qc8 f5 52. Qc7+ Kf8 53. Qb8+ Kg7 54. Qxe5+ Kh7 55. exf5
1-0

[Event "10/10/10 Challenge"]
[Site "SchemingMind.com"]
[Date "2010.10.11"]
[Round "-"]
[White "PeterLiberty"]
[Black "Arthur Wilding"]
[Result "1-0"]
[WhiteCountry "USA"]
[BlackCountry "WLS"]
[WhiteElo "1484"]
[WhiteRD "58"]
[BlackElo "1344"]
[BlackRD "73"]
[GameID "263285"]

1. e4 e5 2. Nf3 d6 3. d4 exd4 4. Nxd4 Nf6 5. Nc3 Nc6 6. Bb5 Bd7 7. O-O a6 8. Nxc6 Bxc6 9. Bxc6+ bxc6 10. Bg5 Be7
11. Re1 h6 12. Bxf6 Bxf6 13. e5 dxe5 14. Qf3 Qd7 15. Rad1 Qe6 16. Rd2 O-O 17. Red1 a5 18. Na4 Bg5 19. Rd7 Rad8 20. Rxd8 Rxd8
21. Rxd8+ Kh7 22. Rd1 Qxa2 23. Qb3 Qxb3 24. cxb3 h5 25. Nc5 Bf6 26. Ne4
1-0

[Event "10/10/10 Challenge"]
[Site "SchemingMind.com"]
[Date "2010.10.14"]
[Round "-"]
[White "mochiron"]
[Black "Mitch The Man"]
[Result "1-0"]
[WhiteCountry "JPN"]
[BlackCountry "USA"]
[WhiteElo "1465"]
[WhiteRD "70"]
[BlackElo "1424"]
[BlackRD "59"]
[GameID "263324"]

1. f4 d5 2. Nf3 f6 3. e3 Nh6 4. Be2 g6 5. O-O Bg7 6. d4 O-O 7. c3 a6 8. Nbd2 Ng4 9. h3 Nxe3 10. Qb3 Nxf1
11. Kxf1 c6 12. c4 Kh8 13. cxd5 cxd5 14. g4 Nc6 15. Qc3 Bh6 16. Ke1 Bxf4 17. Nb3 Bg3+ 18. Kd1 g5 19. Be3 h6 20. Kd2 Qd6
21. Rg1 Bf4 22. Bxf4 Qxf4+ 23. Kd1 Qd6 24. h4 Nb4 25. hxg5 Nxa2 26. Qd3 fxg5 27. Nxg5 Nb4 28. Qh7#
1-0

[Event "10/10/10 Challenge"]
[Site "SchemingMind.com"]
[Date "2010.10.14"]
[Round "-"]
[White "mochiron"]
[Black "Arthur Wilding"]
[Result "1-0"]
[WhiteCountry "JPN"]
[BlackCountry "WLS"]
[WhiteElo "1465"]
[WhiteRD "70"]
[BlackElo "1319"]
[BlackRD "71"]
[GameID "263325"]

1. b4 e5 2. Bb2 d6 3. b5 Nf6 4. d3 Be6 5. a4 Nbd7 6. e4 Be7 7. Nf3 h6 8. Be2 O-O 9. Nbd2 Bg4 10. h3 Bxf3
11. Nxf3 Nc5 12. O-O Nfd7 13. Nh2 Nb6 14. Bc1 Nbd7 15. Bxh6 Bg5 16. Bxg7 Kxg7 17. Bh5 Ne6 18. Nf3 Bf4 19. g3 Ng5 20. gxf4 Nxf3+
21. Qxf3 Qf6 22. f5 Rh8 23. Kh2 Rh7 24. Rg1+ Kh8 25. Qg4 Rg7 26. Qd1 Rxg1 27. Qxg1 Rg8 28. Qc1 Rg5 29. Bg4 Qh6 30. Ra3 Nf6
31. f3 Nxg4+ 32. fxg4 Rg7 33. Qxh6+
1-0

[Event "10/10/10 Challenge"]
[Site "SchemingMind.com"]
[Date "2010.10.14"]
[Round "-"]
[White "mochiron"]
[Black "PeterLiberty"]
[Result "1/2-1/2"]
[WhiteCountry "JPN"]
[BlackCountry "USA"]
[WhiteElo "1483"]
[WhiteRD "65"]
[BlackElo "1534"]
[BlackRD "65"]
[GameID "263326"]

1. d4 Nf6 2. Bf4 g6 3. Nf3 Bg7 4. e3 O-O 5. Be2 d6 6. O-O Nbd7 7. Nc3 c6 8. d5 cxd5 9. Nxd5 Nxd5 10. Qxd5 Nb6
11. Qd1 Bxb2 12. Rb1 Bg7 13. Ng5 Bf5 14. Nxh7 Kxh7 15. Bd3 Bxd3 16. Qxd3 f5 17. Rb4 Rc8 18. Bg5 Bf6 19. Rh4+ Kg8 20. Bxf6 Rxf6
21. e4 Rc5 22. Qh3 Kf7 23. Rh7+ Ke6 24. exf5+ Rcxf5 25. Re1+ Kd5 26. Qd3+ Kc6 27. Rhxe7 Qb8 28. Qc3+ Rc5 29. Qxf6 Nd5 30. Qf3 Kb6
31. Qb3+ Rb5 32. Qd3 Nxe7 33. Qe3+ Rc5 34. Rb1+ Kc6 35. Qxe7 Qc7 36. Qe4+ Rd5 37. Qa4+ b5 38. Qe4 Qg7 39. g3 Qf6 40. Rb3 Qa1+
41. Kg2 Qxa2 42. Rc3+ Kb6 43. Qe3+ Rc5 44. Rxc5 dxc5 45. h4 Qd5+ 46. Kh3 Qf5+ 47. g4 Qxc2 48. h5 gxh5 49. Qe6+ Ka5 50. gxh5 Qxf2
51. h6 Qf1+ 52. Kh4 c4 53. h7 Qh1+ 54. Qh3 Qe4+ 55. Kg5 Qe5+ 56. Kg6 Qh8 57. Qa3+ Kb6 58. Qe3+ Ka5 59. Qxa7+ Kb4 60. Qe7+= Kb3
61. Qe3+ c3 62. Qe6+ Kb4 63. Qd6+ Kb3 64. Qd5+ Kb4 65. Qd6+ Kb3 66. Qd5+= Kb4 67. Qe4+=
1/2-1/2

[Event "10/10/10 Challenge"]
[Site "SchemingMind.com"]
[Date "2010.10.14"]
[Round "-"]
[White "Mitch The Man"]
[Black "mochiron"]
[Result "1-0"]
[WhiteCountry "USA"]
[BlackCountry "JPN"]
[WhiteElo "1424"]
[WhiteRD "59"]
[BlackElo "1465"]
[BlackRD "70"]
[GameID "263327"]

1. e4 c6 2. d4 d5 3. e5 Bf5 4. Bd3 e6 5. Bxf5 exf5 6. Nf3 h6 7. O-O Be7 8. c3 g5 9. h3 g4 10. hxg4 h5
11. gxf5 h4 12. Nh2 h3 13. f6 Nxf6 14. exf6 Bxf6 15. Re1+ Kf8 16. g3 Bh4 17. gxh4 Rg8+ 18. Kh1 Qxh4 19. Qf3 Nd7 20. Na3 Re8
21. Rg1 Rg2 22. Rxg2 hxg2+ 23. Kxg2 Ke7 24. Kh1 Rh8 25. Qg3 Qe4+ 26. f3 Qc2 27. Nxc2
1-0

[Event "10/10/10 Challenge"]
[Site "SchemingMind.com"]
[Date "2010.10.14"]
[Round "-"]
[White "Arthur Wilding"]
[Black "mochiron"]
[Result "1/2-1/2"]
[WhiteCountry "WLS"]
[BlackCountry "JPN"]
[WhiteElo "1319"]
[WhiteRD "71"]
[BlackElo "1465"]
[BlackRD "70"]
[GameID "263328"]

1. d4 f5 2. e3 Nf6 3. Nc3 d5 4. Nf3 e6 5. Bb5+ Nc6 6. Bxc6+ bxc6 7. O-O Bd6 8. a4 Ng4 9. g3 O-O 10. Ne5 Bxe5
11. dxe5 Nxe5 12. b3 a6 13. Ne2 Nf3+ 14. Kh1 f4 15. exf4 e5 16. fxe5 Nxe5 17. Ba3 Bh3 18. Bxf8 Bxf1 19. Qxf1 Qxf8 20. Nd4 Re8
21. Re1 Qf7 22. Qg2 c5 23. Nf3 Nxf3=
1/2-1/2

[Event "10/10/10 Challenge"]
[Site "SchemingMind.com"]
[Date "2010.10.14"]
[Round "-"]
[White "PeterLiberty"]
[Black "mochiron"]
[Result "1-0"]
[WhiteCountry "USA"]
[BlackCountry "JPN"]
[WhiteElo "1528"]
[WhiteRD "63"]
[BlackElo "1465"]
[BlackRD "70"]
[GameID "263329"]

1. e4 c6 2. d4 d5 3. Nc3 dxe4 4. Nxe4 Bf5 5. Ng3 e6 6. Nxf5 exf5 7. Nf3 Bd6 8. Bd3 g6 9. O-O Ne7 10. Bh6 Nd5
11. Re1+ Kd7 12. Ng5 Na6 13. Nxf7 Qc8 14. Nxh8 Qxh8 15. Bxa6 bxa6 16. Qd3 Qf6 17. c3 Qh4 18. Qh3 Qf6 19. Bd2 Rh8 20. Re2 h5
21. Rae1 Nf4 22. Bxf4 Bxf4 23. g3 Bd6 24. f4 c5 25. Qg2 h4 26. Qb7+ Bc7 27. Qd5+ Kc8 28. Re8+ Rxe8 29. Rxe8+ Bd8 30. Qxc5+ Kd7
31. Re5 hxg3 32. Qxa7+ Kc8 33. Qc5+ Bc7 34. Re8+ Kb7 35. Qd5+ Qc6 36. Qxc6+ Kxc6 37. hxg3 Kd7 38. Rg8 Ke6 39. Rxg6+
1-0

[Event "10/10/10 Challenge"]
[Site "SchemingMind.com"]
[Date "2010.10.11"]
[Round "-"]
[White "lennart"]
[Black "Mitch The Man"]
[Result "1-0"]
[WhiteCountry "SWE"]
[BlackCountry "USA"]
[WhiteElo "1543"]
[WhiteRD "57"]
[BlackElo "1424"]
[BlackRD "59"]
[GameID "263331"]

1. e4 e5 2. d3 d6 3. Nf3 Be7 4. Be2 Bf6 5. O-O c5 6. Nc3 Ne7 7. Bg5 Bxg5 8. Nxg5 O-O 9. Nb5 h6 10. Nf3 a6
11. Nc3 Be6 12. b3 Nbc6 13. a3 Nd4 14. Nxd4 cxd4 15. Na2 Qd7 16. h3 Rac8 17. Rc1 Rc7 18. Bg4 Bxg4 19. hxg4 Ng6 20. Nb4 Rc3
21. Nd5 Rc6 22. a4 Ne7 23. Nb4 Rc3 24. f3 a5 25. Na2 Rc7 26. c3 dxc3 27. Nxc3 Rfc8 28. Qd2 Qe6 29. Qb2 Ng6 30. Rfd1 Nf4
31. g3 Nh3+ 32. Kg2 Ng5 33. Nd5 Rxc1 34. Rxc1 Rxc1 35. Qxc1 Qd7 36. Qc3 Kh7 37. Qxa5 Qc8 38. Qc7 Qxc7 39. Nxc7 b6 40. Nd5 Ne6
41. b4 Nd4 42. a5 bxa5 43. bxa5 Nb5 44. a6 Kg8 45. Kf2 Kf8 46. Ke2 Ke8 47. Kd2 Kd8 48. Kc2 Kc8 49. Kb3 Kb8 50. Ka4 Na7
51. Ka5 f6 52. Kb6 Nc8+ 53. Kc6 Na7+ 54. Kxd6 Nb5+ 55. Ke6 Ka7 56. Kf7 Kxa6 57. Kxg7 Nd4 58. f4 exf4 59. gxf4
1-0

[Event "10/10/10 Challenge"]
[Site "SchemingMind.com"]
[Date "2010.10.14"]
[Round "-"]
[White "lennart"]
[Black "mochiron"]
[Result "1-0"]
[WhiteCountry "SWE"]
[BlackCountry "JPN"]
[WhiteElo "1529"]
[WhiteRD "55"]
[BlackElo "1465"]
[BlackRD "70"]
[GameID "263332"]

1. e4 c6 2. d4 d5 3. exd5 cxd5 4. Bd3 Nf6 5. Nf3 g6 6. O-O e6 7. Ne5 Bd6 8. c4 Bxe5 9. dxe5 Ne4 10. Nc3 Nxc3
11. bxc3 O-O 12. Ba3 Re8 13. c5 Nc6 14. Qc2 Nxe5 15. Rad1 Nxd3 16. Rxd3 Bd7 17. c4 Bc6 18. Qc3 d4 19. Rxd4 Qg5 20. f3 e5
21. Rg4 Qf6 22. h3 h5 23. Rg3 Qf4 24. Kf2 e4 25. Bc1 e3+ 26. Bxe3 Rxe3 27. Qxe3 Qxc4 28. Kg1 Bb5 29. Rf2 Re8 30. Qd2 Qxc5=
31. Kh2 Kh7 32. f4 Re4 33. f5 Qe5 34. fxg6+ fxg6 35. Rf7+ Kg8 36. Rxb7 Bc6 37. Qd8+ Be8 38. Qg5 Qxg5 39. Rxg5 Ra4 40. Rc5 Rxa2
41. Rcc7 Rf2 42. Kg3 Ra2 43. h4 a5 44. Ra7 a4 45. Rc8 Kf8 46. Kh3 Ra3+ 47. g3 Rd3 48. Rxa4 Ke7 49. Re4+ Kf6 50. Rcxe8 Rxg3+
51. Kh2 Rg4= 52. Rxg4 hxg4 53. Kg3
1-0

[Event "10/10/10 Challenge"]
[Site "SchemingMind.com"]
[Date "2010.10.11"]
[Round "-"]
[White "lennart"]
[Black "Arthur Wilding"]
[Result "1-0"]
[WhiteCountry "SWE"]
[BlackCountry "WLS"]
[WhiteElo "1540"]
[WhiteRD "57"]
[BlackElo "1344"]
[BlackRD "73"]
[GameID "263333"]

1. d4 d5 2. Nf3 Bf5 3. e3 c6 4. Bd3 Bxd3 5. Qxd3 Nf6 6. O-O Ne4 7. c4 e6 8. c5 Nd7 9. Nc3 Nxc3 10. bxc3 Be7
11. e4 dxe4 12. Qxe4 O-O 13. Bf4 Qc8 14. c4 Nf6 15. Qc2 Nh5 16. Be3 h6 17. a4 a5 18. h3 Nf6 19. Ne5 Nd7 20. Rad1 Nxe5
21. dxe5 Rd8 22. Rxd8+ Qxd8 23. Qb1 Rb8 24. f4 Qc7 25. Qe1 Kh8 26. Bd4 Rd8 27. Be3 Rd3 28. f5 exf5 29. Rxf5 Bd8 30. Bf4 Ra3
31. e6 Qe7 32. Rxf7 Qxc5+ 33. Kh2 Bf6 34. Rxf6 gxf6 35. e7 Qxc4 36. e8=Q+ Kg7 37. Q1e7+ Qf7 38. Q7xf7#
1-0

[Event "10/10/10 Challenge"]
[Site "SchemingMind.com"]
[Date "2010.10.11"]
[Round "-"]
[White "lennart"]
[Black "PeterLiberty"]
[Result "1-0"]
[WhiteCountry "SWE"]
[BlackCountry "USA"]
[WhiteElo "1540"]
[WhiteRD "57"]
[BlackElo "1484"]
[BlackRD "58"]
[GameID "263334"]

1. e4 c5 2. Nf3 d6 3. h3 Nf6 4. d3 Nc6 5. a3 g6 6. Nc3 Bg7 7. Na4 O-O 8. Rb1 Bd7 9. Nc3 a6 10. b4 b5
11. d4 cxd4 12. Nd5 e6 13. Nf4 Nxe4 14. Qd3 Nc3 15. Nd2 Qf6 16. Ne2 Qe5 17. Rb2 Nxe2 18. Bxe2 d5 19. Kf1 f5 20. Nf3 Qf6
21. Bg5 Qf7 22. h4 h6 23. Bf4 e5 24. Bc1 e4 25. Qb3 d3 26. cxd3 Bxb2 27. Bxb2 Be6 28. Qc3 Rac8 29. Qh8#
1-0

[Event "10/10/10 Challenge"]
[Site "SchemingMind.com"]
[Date "2010.10.11"]
[Round "-"]
[White "Mitch The Man"]
[Black "lennart"]
[Result "0-1"]
[WhiteCountry "USA"]
[BlackCountry "SWE"]
[WhiteElo "1411"]
[WhiteRD "67"]
[BlackElo "1540"]
[BlackRD "57"]
[GameID "263335"]

1. e4 e5 2. Nf3 d6 3. h3 Nf6 4. d3 Be7 5. Be2 O-O 6. O-O Be6 7. Bd2 d5 8. Nxe5 dxe4 9. a3 exd3 10. Bxd3 Nbd7
11. Nxd7 Qxd7 12. Qe2 Bd6 13. Bb5 c6 14. Bc4 Bf5 15. Bb3 Rae8 16. Be3 b5 17. Nd2 a5 18. c3 a4 19. Ba2 Bc7 20. Qd1 Bxh3
21. Qf3 Bg4
0-1

[Event "10/10/10 Challenge"]
[Site "SchemingMind.com"]
[Date "2010.10.14"]
[Round "-"]
[White "mochiron"]
[Black "lennart"]
[Result "1-0"]
[WhiteCountry "JPN"]
[BlackCountry "SWE"]
[WhiteElo "1484"]
[WhiteRD "71"]
[BlackElo "1540"]
[BlackRD "57"]
[GameID "263336"]

1. f4 d5 2. Nf3 Nf6 3. e3 Bg4 4. Be2 Bxf3 5. Bxf3 c6 6. O-O e6 7. d4 Bd6 8. Nc3 c5 9. e4 Bc7 10. exd5 O-O
11. dxe6 Kh8 12. exf7 Rxf7 13. Bxb7 Nbd7 14. Bxa8 Qxa8 15. dxc5 Nxc5 16. Be3 Na6 17. a3 h6 18. Qd3 Rd7 19. Qxa6 Qe8 20. Rae1
1-0

[Event "10/10/10 Challenge"]
[Site "SchemingMind.com"]
[Date "2010.10.11"]
[Round "-"]
[White "Arthur Wilding"]
[Black "lennart"]
[Result "1-0"]
[WhiteCountry "WLS"]
[BlackCountry "SWE"]
[WhiteElo "1344"]
[WhiteRD "73"]
[BlackElo "1540"]
[BlackRD "57"]
[GameID "263337"]

1. d4 d5 2. Nf3 Nf6 3. Nc3 e6 4. e3 Bb4 5. Bd2 O-O 6. a3 Bxc3 7. Bxc3 Nc6 8. Bd3 b6 9. O-O a5 10. Re1 Ba6
11. Bxa6 Rxa6 12. Ne5 Nxe5 13. dxe5 Ne4 14. Qd3 b5 15. Rf1 c6 16. f3 Nc5 17. Qd2 Qb8 18. f4 Ne4 19. Qd3 c5 20. Qe2 a4
21. Rfb1 Rd8 22. Be1 c4 23. Bb4 d4 24. exd4 Rxd4 25. Rd1 Rxd1+ 26. Rxd1 f6 27. Qxe4
1-0

[Event "10/10/10 Challenge"]
[Site "SchemingMind.com"]
[Date "2010.10.11"]
[Round "-"]
[White "PeterLiberty"]
[Black "lennart"]
[Result "0-1"]
[WhiteCountry "USA"]
[BlackCountry "SWE"]
[WhiteElo "1484"]
[WhiteRD "58"]
[BlackElo "1540"]
[BlackRD "57"]
[GameID "263338"]

1. e4 e5 2. Nf3 d6 3. d4 exd4 4. Nxd4 c5 5. Nf3 Nf6 6. Nc3 Be7 7. Bg5 Nbd7 8. Bb5 O-O 9. O-O Qa5 10. Bxf6 Nxf6
11. Re1 Rd8 12. Qd2 Qc7 13. Rad1 a6 14. Ba4 b5 15. Nd5 Nxd5 16. Qxd5 Be6 17. Qd2 bxa4 18. b3 axb3 19. cxb3 a5 20. a4 Bxb3
21. Ra1 h6 22. Qd3 Be6 23. Rad1 Bg4 24. h3 Bxf3 25. Qxf3 Qc6 26. Qa3 Bf6 27. Rd5 Rab8 28. Rc1 Bb2 29. Rcxc5 dxc5 30. Rxd8+ Rxd8
31. Qxb2 Rd1+ 32. Kh2 Qxe4 33. Qb8+ Kh7 34. Qg3 Qe1
0-1

[Event "10/10/10 Challenge"]
[Site "SchemingMind.com"]
[Date "2010.10.11"]
[Round "-"]
[White "Amateur Analyst"]
[Black "Mitch The Man"]
[Result "1-0"]
[WhiteCountry "USA"]
[BlackCountry "USA"]
[WhiteElo "1786"]
[WhiteRD "123"]
[BlackElo "1411"]
[BlackRD "67"]
[GameID "263390"]

1. e4 e5 2. Nf3 f6 3. Nxe5 g6 4. Nf3 Qe7 5. Nc3 c6 6. Be2 Bh6 7. O-O Qf7 8. b3 Ne7 9. Bb2 O-O 10. d4 b5
11. d5 a6 12. d6 Re8 13. Re1 Kg7 14. dxe7 Rxe7 15. e5 fxe5 16. Nxe5 Qe6 17. Bg4 Qg8 18. Qd6 Bf4 19. Qxe7+
1-0

[Event "10/10/10 Challenge"]
[Site "SchemingMind.com"]
[Date "2010.10.14"]
[Round "-"]
[White "Amateur Analyst"]
[Black "mochiron"]
[Result "1-0"]
[WhiteCountry "USA"]
[BlackCountry "JPN"]
[WhiteElo "1786"]
[WhiteRD "123"]
[BlackElo "1484"]
[BlackRD "71"]
[GameID "263391"]

1. e4 c6 2. d4 d5 3. Nc3 dxe4 4. Nxe4 Bf5 5. Ng3 e6 6. Nf3 h6 7. Bc4 Nf6 8. O-O Bd6 9. Nxf5 exf5 10. Re1+ Kf8
11. Qd3 g6 12. Qb3 Nd5 13. Bxd5 Bxh2+ 14. Kxh2 Rh7 15. Bc4
1-0

[Event "10/10/10 Challenge"]
[Site "SchemingMind.com"]
[Date "2010.10.12"]
[Round "-"]
[White "Amateur Analyst"]
[Black "Arthur Wilding"]
[Result "1-0"]
[WhiteCountry "USA"]
[BlackCountry "WLS"]
[WhiteElo "1873"]
[WhiteRD "97"]
[BlackElo "1319"]
[BlackRD "71"]
[GameID "263392"]

1. e4 e5 2. Nf3 d6 3. d4 exd4 4. Nxd4 Nf6 5. Nc3 Bg4 6. Be2 Bxe2 7. Ndxe2 Nfd7 8. O-O Be7 9. Ng3 O-O 10. b3 Nc6
11. Bb2 Bf6 12. Qf3 Nd4 13. Qd3 c5 14. Nd5 Re8 15. Nxf6+ Nxf6 16. Bxd4 cxd4 17. Qxd4 Qd7 18. c4 Qe6 19. Rfe1 Qg4 20. h3 Qd7
21. Rad1 Red8 22. Nf5 Qe6 23. Nxd6 Rd7 24. e5 Ne8 25. Qd5 Nc7 26. Qxe6 fxe6 27. Ne4 Rxd1 28. Rxd1 a5 29. Rd6 a4 30. b4 h6
31. Nc5 Ra7 32. Nxe6 Nxe6 33. Rxe6 Ra8 34. Rb6 Re8 35. f4 Rc8 36. c5 Rd8 37. Rd6 Kf8 38. Rxd8+ Ke7 39. Rd6 g5 40. f5
1-0

[Event "10/10/10 Challenge"]
[Site "SchemingMind.com"]
[Date "2010.10.12"]
[Round "-"]
[White "Amateur Analyst"]
[Black "lennart"]
[Result "1-0"]
[WhiteCountry "USA"]
[BlackCountry "SWE"]
[WhiteElo "1873"]
[WhiteRD "97"]
[BlackElo "1543"]
[BlackRD "57"]
[GameID "263393"]

1. e4 e5 2. Nf3 d6 3. d4 exd4 4. Nxd4 Nf6 5. Nc3 Be7 6. Bf4 Bg4 7. Be2 Bxe2 8. Qxe2 O-O 9. O-O-O a6 10. h4 h5
11. f3 Nbd7 12. g4 hxg4 13. fxg4 Nh7 14. h5 Bg5 15. Qe3 Bxf4 16. Qxf4 Qf6 17. Qxf6 Ndxf6 18. Rdg1 Ng5 19. h6 g6 20. Rg2 b5
21. a3 Kh7 22. Nde2 c6 23. Ng1 Rae8 24. Nh3 Ne6 25. g5 Ng8 26. b4 Rc8 27. Kb2 c5 28. Nd5 cxb4 29. axb4 Rc4 30. Nf2 Rfc8
31. c3 Ra8 32. Nb6
1-0

[Event "10/10/10 Challenge"]
[Site "SchemingMind.com"]
[Date "2010.10.11"]
[Round "-"]
[White "Amateur Analyst"]
[Black "PeterLiberty"]
[Result "1-0"]
[WhiteCountry "USA"]
[BlackCountry "USA"]
[WhiteElo "1873"]
[WhiteRD "97"]
[BlackElo "1476"]
[BlackRD "61"]
[GameID "263394"]

1. e4 c5 2. Nf3 d6 3. d4 cxd4 4. Nxd4 Nf6 5. Nc3 g6 6. Be3 Bg7 7. f3 O-O 8. Qd2 a6 9. Bh6 Nc6 10. Nf5 Bxf5
11. exf5 e6 12. Bxg7 Kxg7 13. fxg6 fxg6 14. h4 Qe7 15. O-O-O Rad8 16. g4 Ne5 17. Be2 d5 18. Qd4 Nc4 19. g5 e5 20. gxf6+ Qxf6
21. Qg4 Ne3 22. Qg3 Nxd1 23. Bxd1 Qf4+ 24. Qxf4 Rxf4 25. h5 d4 26. Ne4 h6 27. Rg1 g5 28. Rg4 Rxg4 29. fxg4 b6 30. Kd2 Rf8
31. Be2 Rf4 32. Kd3 Kf7 33. c4 a5 34. a3 Ke6 35. b4 axb4 36. axb4 Kd7 37. Ng3 Kc6 38. Nf5 b5 39. c5 Kd5 40. Nxh6 e4+
41. Kd2 e3+ 42. Kd3 Rf2 43. Nf5 Rf4 44. h6 Rf2 45. Nxd4 Rh2 46. Nf5 Rh3 47. Bf1 Rh2 48. Bg2+ Rxg2 49. Nxe3+
1-0

[Event "10/10/10 Challenge"]
[Site "SchemingMind.com"]
[Date "2010.10.12"]
[Round "-"]
[White "Mitch The Man"]
[Black "Amateur Analyst"]
[Result "0-1"]
[WhiteCountry "USA"]
[BlackCountry "USA"]
[WhiteElo "1424"]
[WhiteRD "59"]
[BlackElo "1873"]
[BlackRD "97"]
[GameID "263395"]

1. e4 e6 2. e5 d5 3. d4 c5 4. c3 Nc6 5. Bb5 Qb6 6. Bxc6+ bxc6 7. Ne2 cxd4 8. O-O dxc3 9. Nexc3 Ne7 10. Na4 Qc7
11. Bf4 Ng6 12. Bg3 Nxe5 13. Re1 Bd6 14. Nc5 Nd7 15. Bxd6 Qxd6 16. Ne4 Qb4 17. Ng3 Qxb2 18. Nd2 O-O 19. Re2 Ba6 20. Nc4 Qb8
21. Rb2 Qc7 22. Ne3 Ne5 23. Rb3 Nc4 24. Nxc4 Bxc4 25. Rb2 Rab8 26. Rxb8 Rxb8 27. Rb1 Bxa2 28. Rxb8+ Qxb8 29. h3 Qb1 30. Qxb1 Bxb1
31. Ne2 c5 32. Nc3 Bd3 33. Na4 c4
0-1

[Event "10/10/10 Challenge"]
[Site "SchemingMind.com"]
[Date "2010.10.16"]
[Round "-"]
[White "mochiron"]
[Black "Amateur Analyst"]
[Result "0-1"]
[WhiteCountry "JPN"]
[BlackCountry "USA"]
[WhiteElo "1465"]
[WhiteRD "70"]
[BlackElo "1873"]
[BlackRD "97"]
[GameID "263396"]

1. b4 d5 2. Bb2 Nf6 3. b5 Bd7 4. a4 a6 5. bxa6 Nxa6 6. Bxf6 exf6 7. e3 Nc5 8. d4 Nxa4 9. Na3 Nb6 10. Bb5 Bxa3
11. Bxd7+ Qxd7 12. Nf3 Bb4+ 13. Kf1 Qb5+ 14. Kg1 O-O 15. Rxa8 Rxa8 16. h4 Bc3 17. Qd3 Ra1+ 18. Kh2 Rxh1+ 19. Kxh1 Qxd3 20. cxd3 Na4
21. Kh2 b5 22. Ng1 Nb2 23. Ne2 Bd2 24. Nf4 c6 25. Ne2 Nxd3 26. Nf4 Nxf4 27. exf4 b4
0-1